Just Dance 3 Songs - Statistics

General Stats
  • This quiz has been taken 404 times
  • The average score is 19 of 43
Answer Stats
Hint Answer % Correct
Katy Perry feat. Snoop Dog 2010 California Girls
81%
Jessie J. feat. B.o.B. 2011 Price Tag
72%
Britney Spears 1998 Baby One More Time
70%
Taio Cruz 2010 Dynamite
69%
The Black Eyed Peas 2004 Pump It
68%
Duck Sauce 2010 Barbra Streisand
67%
LMFAO feat. Lauren Bennett & GoonRock 2011 Party Rock Anthem
67%
A-Ha 1985 Take On Me
67%
Cee Lo Green 2010 Forget You
64%
MIKA 2007 Lollipop
62%
Beyonce & Shakira 2007 Beautiful Liars
52%
2 Unlimited 1992 No Limit
52%
Reggaeton Storm 2005 Boom
51%
Gwen Stefani 2004 What You Waiting For?
51%
Nelly Furtado feat. Timbaland 2006 Promiscuous
49%
The Sugarhill Gang 1981 Apache (Jump On It)
48%
Girls Aloud 2003 Jump (For My Love)
48%
Bananarama 1985 Venus
48%
Donna Summer 1976 I Feel Love
46%
Daft Punk 1995 Da Funk
45%
KISS 1979 I Was Made For Loving You
45%
Queen 1977 Crazy Little Thing Called Love
44%
Scissor Sisters 2006 I Don't Feel Like Dancin'
43%
Anja 2011 Dance All Nite
39%
Danny Elfman 1994 This Is Halloween
38%
Earth, Wind, & Fire 1978 Boogie Wonderland
36%
The Pointer Sisters 1984 I'm So Excited
36%
African Ladies 1968 Pata Pata
36%
Robbie Williams & Nicole Kidman 2001 Somethin' Stupid
35%
Robin Sparkles 2006 Let's Go To The Mall
34%
The Buggles 1979 Video Killed The Radio Star
34%
Lenny Kravitz 1993 Are You Gonna Go My Way?
33%
Laura Bell Bundy 2010 Giddy On Up (Giddy On Out)
33%
Tommy Sparks 2009 She's Got Me Dancing
33%
Aretha Franklin 1978 Think
33%
Janelle Monae 2010 Tightrope
33%
Sentai Express 2009 Spectronizer
32%
Wilson Pickett 1966 Land Of 1000 Dances
28%
C+C Music Factory feat. Freedom Williams 1990 Gonna Make You Sweat (Everybody Dance Now)
27%
Koshens 2011 Jamaican Dance
26%
The Chemical Brothers 1999 Hey Girl Hey Boy
24%
Madness 1978 Night Boat To Cairo
21%
Bollywood Rainbow 1994 Kurio Ko Uddah Le Jana
14%
No matching quizzes found
Score Distribution
Percent of People with Each Score
Percentile by Number Answered
Your Score History
You have not taken this quiz